000 00522nam a2200097Ia 4500
008 170517s9999 xx 000 0 und d
245 _aGut Reaction
300 _aThe medical community has long professed the numerous risk factors associated with an unhealthy diet. The foods we eat can play a primary role in determining our vulnerability towards many potentially life-threatening conditions including obesity, high blood pressure, heart...
650 _xTechnology.
856 _uhttp://topdocumentaryfilms.com/gut-reaction/
999 _c335043
_d335043